| 000 | 00452nam a22001817a 4500 | ||
|---|---|---|---|
| 003 | MPLRDC | ||
| 005 | 20220104114113.0 | ||
| 008 | 210129b ||||| |||| 00| 0 eng d | ||
| 020 | _a7-5006-1526-4 | ||
| 082 | _a782.886 JJS-7 | ||
| 100 | _a柯伟林 | ||
| 245 |
_a蒋介石政府与纳粹德国 _c |
||
| 250 | _a一版一刷 | ||
| 260 |
_a _b中国青年出版社 _c1994 |
||
| 300 | _b平 | ||
| 650 | _a蒋介石传记 | ||
| 942 |
_cBK _o782.886 JJS-7 |
||
| 999 |
_c4840 _d4830 |
||